Movies Quiz

Random Movies or Clickable Quiz
Score 0/12 Timer 00:45
0 Plays Today
% Correct
Good
92.2%
Error
91.6%
Neighborhood
85.1%
Allegiant
83.1%
Valley
77.3%
Sweet
68.8%
Blood
66.2%
Winn-Dixie
66.2%
Moonlight
41.6%
Carroll
39.6%
Sleep
37.7%
Redwood
33.8%
Remove Ads.
Support Sporcle.
Get the best of Sporcle when you Go Orange. This ad-free experience offers more features, more stats, and more fun while also helping to support Sporcle. Thank you for becoming a member.

You're not logged in!

Compare scores with friends on all Sporcle quizzes.
OR
Log In

Show Comments

Extras

Top Quizzes Today


Score Distribution

Your Account Isn't Verified!

In order to create a playlist on Sporcle, you need to verify the email address you used during registration. Go to your Sporcle Settings to finish the process.

Report this User

Report this user for behavior that violates our Community Guidelines.

Details: